Mental Health & Psychiatric NursinG (GNM-ii) (Record no. 1216436)

MARC details
000 -LEADER
fixed length control field 00379nam a2200145Ia 4500
008 - FIXED-LENGTH DATA ELEMENTS--GENERAL INFORMATION
fixed length control field 260223s2025 xx 000 0 und d
020 ## - INTERNATIONAL STANDARD BOOK NUMBER
International Standard Book Number 9789381390399
041 ## - LANGUAGE CODE
Language code of text/sound track or separate title eng
082 ## - DEWEY DECIMAL CLASSIFICATION NUMBER
Classification number 610.7368/GUP
100 ## - MAIN ENTRY--PERSONAL NAME
Personal name Gupta.R.K.
245 ## - TITLE STATEMENT
Title Mental Health & Psychiatric NursinG (GNM-ii)
260 ## - PUBLICATION, DISTRIBUTION, ETC.
Place of publication, distribution, etc. B.S.B. Pune
Name of publisher, distributor, etc. PV, Pub
Date of publication, distribution, etc. 2025
300 ## - PHYSICAL DESCRIPTION
Extent 351P
650 ## - SUBJECT ADDED ENTRY--TOPICAL TERM
Topical term or geographic name entry element Psychiatric NursinG
Holdings
Withdrawn status Lost status Damaged status Not for loan Home library Current library Date acquired Cost, normal purchase price Total Checkouts Full call number Barcode Date last seen Price effective from Koha item type
        College of Nursing, Navi Mumbai College of Nursing, Navi Mumbai 22/01/2026 455.00   610.7368/GUP NCM-N-4523 23/02/2026 23/02/2026 Book